000 00430nam a2200181Ia 4500
001 7544
005 20260306160503.0
008 260306t2002||||xx |||||||||||||| ||spa||
041 _aESP
082 _a339.46
_bP26
100 _aParodi Trece, Carlos
_eAUT
245 0 _aEconomía de las políticas sociales
260 _c2002
300 _a366páginas :
_c21cm.
650 _aGEN
654 _aCAN
942 _cLIB
_dJUS
_fJUS
_2ddc
_n
999 _c7544
_d7544